00422nam a2200181Ia 4500003000400000005001700004008004100021040000700062041000800069082002100077100001000098245004500108260001600153300001100169365001300180650003100193650001600224OSt20230615104839.0210423s1971 xx 000 0 und d cAL aeng a361.3 223bIGNH aIGNOU aHistory of social work: global scenaries bIgnouc1971 a81bHB b118cINR aSocial Problems & Services aSocial Work